海岸線を作る市区町村(北海道編) - Statistics

General Stats
  • This quiz has been taken 140 times
  • The average score is 59 of 76
Answer Stats
Answer 人口 % Correct
函館市 251,084
100%
釧路市 165,077
99%
苫小牧市 170,113
98%
稚内市 33,563
98%
小樽市 111,299
97%
室蘭市 82,383
97%
根室市 24,636
97%
網走市 35,759
95%
留萌市 20,114
95%
紋別市 21,215
93%
石狩市 56,869
93%
斜里町 11,418
92%
八雲町 15,826
91%
えりも町 4,374
91%
登別市 46,391
90%
森町 14,338
90%
長万部町 5,109
90%
北見市 115,480
89%
新ひだか町 21,517
88%
羅臼町 4,722
88%
木古内町 3,832
86%
厚岸町 8,892
86%
松前町 6,260
85%
日高町 11,279
85%
標津町 5,023
85%
江差町 7,428
83%
浜頓別町 3,448
83%
豊富町 3,974
83%
伊達市 32,826
82%
北斗市 44,302
81%
福島町 3,794
81%
せたな町 7,398
81%
積丹町 1,831
81%
白老町 16,212
81%
枝幸町 7,565
80%
増毛町 3,908
79%
余市町 18,000
78%
猿払村 2,611
78%
釧路町 19,105
78%
興部町 3,628
77%
むかわ町 7,651
77%
浜中町 5,507
77%
洞爺湖町 8,442
76%
浦河町 12,074
76%
広尾町 6,387
76%
別海町 14,380
75%
様似町 4,043
74%
白糠町 7,289
74%
知内町 4,167
73%
大樹町 5,420
72%
寿都町 2,838
70%
泊村 1,569
70%
幌延町 2,371
70%
神恵内村 870
69%
初山別村 1,080
69%
天塩町 2,950
69%
雄武町 4,199
69%
羽幌町 6,548
68%
浦幌町 4,387
68%
鹿部町 3,760
67%
上ノ国町 4,306
67%
岩内町 11,648
66%
苫前町 2,936
66%
豊頃町 3,022
66%
遠別町 2,520
65%
小清水町 4,623
64%
新冠町 5,309
63%
小平町 2,994
62%
厚真町 4,432
62%
湧別町 8,270
60%
豊浦町 3,821
59%
古平町 2,745
58%
乙部町 3,403
57%
島牧村 1,356
57%
蘭越町 4,568
57%
共和町 5,772
56%
No matching quizzes found
Score Distribution
Percent of People with Each Score
Percentile by Number Answered
Your Score History
You have not taken this quiz